| 000 | 01056cam a22003134a 4500 | ||
|---|---|---|---|
| 001 | 111401 | ||
| 005 | 20230410103917.0 | ||
| 008 | 051121s2005 vm a 000 0 vie | ||
| 035 | _a14394981 | ||
| 925 | 0 |
_aacquire _b1 shelf copy _xpolicy default |
|
| 942 |
_2lcc _cbk |
||
| 010 | _a 2006327822 | ||
| 040 |
_aDLC _cDLC _dDLC |
||
| 041 | 0 |
_avie _aeng _afre |
|
| 042 | _alcode | ||
| 043 | _aa-vt--- | ||
| 050 | 1 | 4 |
_a438 DS 557.72 _bD631k 2005 |
| 100 | 1 |
_aDoan, Cong Tinh, _d1943- |
|
| 245 | 1 | 0 |
_aKhoanh khac : _banh phong su ve chien tranh Viet Nam = Moment : photograph material on the Vietnam War = photos de guerre / _cDoan Cong Tinh. |
| 246 | 3 | 1 |
_aMoment : _bphotograph material on the Vietnam war |
| 246 | 3 | 0 | _aPhotos de guerre |
| 260 |
_a[Ho Chi Minh City] : _bNha xuat ban Thanh pho H́o Chi Minh, _c2005. |
||
| 300 |
_a176 p. : _bchiefly ill. ; _c30 cm. |
||
| 546 | _aVietnamese, English, and French. | ||
| 650 | 0 |
_aVietnam War, 1961-1975 _vPictorial works. |
|
| 650 | 4 | _aGuerra de Vietnam, 1961-1975. | |
| 985 | _eODE-jk | ||
| 946 | _aPP | ||
| 999 |
_c28252 _d28252 |
||